| 000 | 00351pam a2200133a 44500 | ||
|---|---|---|---|
| 008 | 230405s2007 xxu||||| |||| 00| 0 eng d | ||
| 020 |
_a8180618986 _cRs.416.50 |
||
| 082 |
_a616.89 _bBAS |
||
| 100 | _aBasavanthappa, B.T. | ||
| 245 | _aPsychiatric Mental Health Nursing | ||
| 260 |
_aNew Delhi _bJaypee Pub _c2007 |
||
| 300 | _a760 p | ||
| 906 | _a000424 | ||
| 999 |
_c249172 _d249172 |
||